La Reforma agraria en Latianoamérica /

Salvato in:
Dettagli Bibliografici
Autore principale: Zambrano Campo, Jaime
Natura: testo
Soggetti:
Tags: Aggiungi Tag
Nessun Tag, puoi essere il primo ad aggiungerne!!

MARC

LEADER 00000 a a2200000 04500
001 9494
003
040
100 |a Zambrano Campo, Jaime  
245 |a La Reforma agraria en Latianoamérica /  |c Jaime Zambrano Campo 
650 |a REFORMA AGRARIA  
773 |g volumen 1, número 54; páginas 1-17  
999 |c 23827  |d 23827